| 000 | 00486nam a2200169 a 4500 | ||
|---|---|---|---|
| 001 | 1085 | ||
| 003 | CDMR | ||
| 005 | 20130322103519.0 | ||
| 008 | 130130s1986||||||||||||||||||||||||||||d | ||
| 020 | _a8476520026 | ||
| 040 |
_aCDMR _bcat _cCDMR |
||
| 100 | 1 |
_aGaldón López, Gabriel _9854 |
|
| 245 | 1 | 3 |
_aEl servicio de documentación de prensa _b: funciones y métodos _cGabriel Galdón López |
| 260 |
_aBarcelona _c1986 _bMitre |
||
| 490 | 0 | _aCiencias de la comunicación | |
| 942 |
_cMON _2udc |
||
| 999 |
_c1085 _d1085 |
||